Dried fruit : a survey of the market for Dried fruit in Denmark :

Bibliographic Details
Corporate Author: danish Import Promotion Office [DIPO]
Format: Book
Published: Copenhagen: Danish Chamber Import promotion Programme(DIPP), 2007.
Subjects:
LEADER 00577cam a2200145 7i4500
001 0000023451
005 20090825090000.0
090 0 0 |a P 634bDAN  
110 2 0 |a danish Import Promotion Office [DIPO] 
245 2 0 |a Dried fruit :   |b a survey of the market for Dried fruit in Denmark :   |b a survey of the market for Dried fruit in Denmark :   |b November 2007. 
260 0 0 |a Copenhagen:   |b Danish Chamber Import promotion Programme(DIPP),   |c 2007. 
300 # # |a [n.p]. 
650 0 0 |a Dried fruits --   |x Markets --   |z Denmark  
651 0 0 |a Denmark  
999 |a 0000022988  |b Book  |c Products  |e Business Information Centre